[Event "Santiago Endesa Interempresas tt-A"]
[Site "Santiago de Chile"]
[Date "2010.09.28"]
[Round "12"]
[White "Salgado, Jorge"]
[Black "Parada Araneda, Roger"]
[Result "0-1"]
[WhiteElo "2222"]
[BlackElo "2104"]
[PlyCount "134"]
[EventDate "2010.07.13"]
[EventType "team"]
[EventRounds "13"]
[EventCountry "CHI"]
[SourceTitle "EXT 2012"]
[Source "ChessBase"]
[SourceDate "2011.11.24"]
[SourceVersion "1"]
[SourceVersionDate "2011.11.24"]
[SourceQuality "1"]

1. e4 c5 2. Nf3 d6 3. Nc3 Nf6 4. b3 g6 5. Bb2 Bg7 6. e5 dxe5 7. Nxe5 Nbd7 8. Nd3 b6 9. Be2 Bb7 10. 0-0 0-0 11. Bf3 Qc8 12. Re1 e6 13. Ne4 Nxe4 14. Bxg7 Nxf2 15. Nxf2 Kxg7 16. d4 Bxf3 17. gxf3 Nf6 18. dxc5 Qxc5 19. Qe2 Rfd8 20. Kh1 Rac8 21. c4 Qf5 22. Rad1 h5 23. Ne4 Nxe4 24. fxe4 Qe5 25. Rd3 Rd4 26. Rxd4 Qxd4 27. Rd1 Qe5 28. Rd7 Rc7 29. Rxc7 Qxc7 30. Qb2+ f6 31. Qd4 Kf7 32. Kg2 Qc6 33. Kf1 Ke7 34. Ke2 Qd6 35. Qf2 Qe5 36. Qh4 Qb2+ 37. Kd3 e5 38. Qe1 a5 39. Qe3 Qxa2 40. Qxb6 Qb1+ 41. Kc3 Qxe4 42. Qc7+ Ke6 43. Qc8+ Ke7 44. Qc7+ Ke6 45. Qc8+ Kf7 46. Qd7+ Kf8 47. Qd6+ Kg7 48. Qe7+ Kh6 49. Qxf6 Qe1+ 50. Kc2 Qe2+ 51. Kc3 e4 52. Qf4+ Kg7 53. Qe5+ Kf7 54. Qc7+ Ke6 55. Qb6+ Kf5 56. Qxa5+ Kg4 57. Qe5 Qd3+ 58. Kb2 Qd2+ 59. Ka3 e3 60. Qg3+ Kf5 61. Qf3+ Ke5 62. Qg3+ Ke4 63. Qxg6+ Kd4 64. Qxh5 e2 65. Qd5+ Kc3 66. Qe5+ Kc2 67. Qe4+ Kc1 0-1

[Event "Santiago Endesa Interempresas tt-A"]
[Site "Santiago de Chile"]
[Date "2010.07.20"]
[Round "2"]
[White "Bulgarini Torre, Marco"]
[Black "Parada Araneda, Roger"]
[Result "0-1"]
[WhiteElo "2073"]
[BlackElo "2104"]
[PlyCount "70"]
[EventDate "2010.07.13"]
[EventType "team"]
[EventRounds "13"]
[EventCountry "CHI"]
[SourceTitle "EXT 2012"]
[Source "ChessBase"]
[SourceDate "2011.11.24"]
[SourceVersion "1"]
[SourceVersionDate "2011.11.24"]
[SourceQuality "1"]

1. e4 c5 2. Nc3 d6 3. g3 g6 4. Bg2 Bg7 5. d3 Nc6 6. Nh3 Rb8 7. 0-0 b5 8. f4 b4 9. Nd5 e6 10. Ne3 Nge7 11. f5 Bd4 12. g4 Ne5 13. Kh1 N7c6 14. f6 h5 15. g5 Bd7 16. Qe1 a5 17. Nf4 Ng4 18. Nc4 Qc7 19. c3 bxc3 20. bxc3 Be5 21. h3 Bxf4 22. Bxf4 Nge5 23. Nxe5 Nxe5 24. Qg3 Bc6 25. Bxe5 dxe5 26. d4 0-0 27. dxe5 Rb2 28. Bf3 Rd8 29. Rad1 Rdd2 30. Rxd2 Rxd2 31. Qf4 Rd3 32. Rg1 Qb7 33. Bxh5 Rxh3+ 34. Kg2 Rxh5 35. Re1 Qb2+ 0-1

[Event "Santiago Endesa Interempresas tt-A"]
[Site "Santiago de Chile"]
[Date "2008.08.05"]
[Round "3"]
[White "Castillo Grado, Augusto"]
[Black "Parada Araneda, Roger"]
[Result "0-1"]
[WhiteElo "1961"]
[BlackElo "2146"]
[PlyCount "132"]
[EventDate "2008.07.22"]
[EventType "team"]
[EventRounds "11"]
[EventCountry "CHI"]
[SourceTitle "EXT 2012"]
[Source "ChessBase"]
[SourceDate "2011.11.24"]
[SourceVersion "1"]
[SourceVersionDate "2011.11.24"]
[SourceQuality "1"]

1. e4 c5 2. c3 d5 3. exd5 Qxd5 4. d4 e6 5. Nf3 Nc6 6. Be2 Nf6 7. Be3 cxd4 8. cxd4 Be7 9. 0-0 0-0 10. Nc3 Qd8 11. Rc1 Nd5 12. Nxd5 exd5 13. Ne5 Nxe5 14. dxe5 Be6 15. Bd4 a6 16. a3 Rc8 17. Qd2 Qd7 18. Rxc8 Rxc8 19. Rc1 Rc6 20. Rxc6 Qxc6 21. Qc3 Qxc3 22. Bxc3 Kf8 23. Bd4 Ke8 24. f4 Kd7 25. Kf2 Kc6 26. Ke3 b5 27. b4 Bc8 28. g4 a5 29. Bc3 axb4 30. Bxb4 Bc5+ 31. Kd3 f6 32. exf6 gxf6 33. f5 Kd6 34. h3 Bxb4 35. axb4 Ke5 36. Ke3 Bd7 37. Bd3 Bc6 38. Be2 d4+ 39. Kf2 Kf4 40. Bd3 Be8 41. Bc2 h5 42. gxh5 Bxh5 43. Bd3 Be8 44. Bc2 Bd7 45. Bd3 Bc6 46. Bc2 Bd7 47. Bd3 Bxf5 48. Bxb5 Bxh3 49. Bc6 Ke5 50. b5 Kd6 51. Kg3 Bf1 52. Kf4 Bd3 53. Kf3 Kc5 54. Bd7 Bxb5 55. Be6 Kd6 56. Bf7 Ke5 57. Bg6 Bc6+ 58. Ke2 Be4 59. Bf7 Kf4 60. Bc4 f5 61. Kd2 Kf3 62. Be2+ Kf2 63. Bh5 f4 64. Be2 f3 65. Bd1 Kg2 66. Bxf3+ Kxf3 0-1

[Event "Santiago Endesa 04"]
[Site "Santiago de Chile"]
[Date "2008.04.14"]
[Round "4"]
[White "Parada Araneda, Roger"]
[Black "Ahumada Parra, Cristian"]
[Result "1-0"]
[WhiteElo "2146"]
[BlackElo "2069"]
[PlyCount "65"]
[EventDate "2008.04.07"]
[EventType "tourn"]
[EventRounds "11"]
[EventCountry "CHI"]
[SourceTitle "EXT 2012"]
[Source "ChessBase"]
[SourceDate "2011.11.24"]
[SourceVersion "1"]
[SourceVersionDate "2011.11.24"]
[SourceQuality "1"]

1. e4 c5 2. Nf3 d6 3. d4 cxd4 4. Nxd4 Nf6 5. Nc3 Nc6 6. Bg5 e6 7. Qd2 Be7 8. 0-0-0 Nxd4 9. Qxd4 0-0 10. f4 Qa5 11. h4 Rd8 12. Qe3 a6 13. Be2 Qc7 14. e5 dxe5 15. Rxd8+ Bxd8 16. fxe5 Nd7 17. Rd1 h6 18. Bf4 b5 19. g4 Bb7 20. g5 hxg5 21. hxg5 Rc8 22. g6 fxg6 23. Qh3 Nf8 24. Bd3 b4 25. Ne4 Bxe4 26. Bxe4 Qc4 27. Qf3 Qxa2 28. Rf1 Qa1+ 29. Kd2 Qxb2 30. Be3 Ba5 31. Qf7+ Kh8 32. Rh1+ Nh7 33. Rxh7+ 1-0

[Event "CHI-chT"]
[Site "Santiago de Chile"]
[Date "2007.11.20"]
[Round "6"]
[White "Barrera Meza, Carlos"]
[Black "Parada Araneda, Roger"]
[Result "1-0"]
[WhiteElo "2153"]
[BlackElo "2146"]
[PlyCount "100"]
[EventDate "2007.10.16"]
[EventType "team-tourn"]
[EventRounds "9"]
[EventCountry "CHI"]
[SourceTitle "EXT 2012"]
[Source "ChessBase"]
[SourceDate "2011.11.24"]
[SourceVersion "1"]
[SourceVersionDate "2011.11.24"]
[SourceQuality "1"]

1. e4 c5 2. Nf3 d6 3. d4 cxd4 4. Nxd4 Nf6 5. Nc3 a6 6. Bg5 e6 7. Bc4 Be7 8. Bb3 b5 9. 0-0 0-0 10. Qf3 Qb6 11. Rad1 Nbd7 12. Rfe1 Bb7 13. Qh3 Nc5 14. Re3 Qc7 15. Qh4 Rfe8 16. Rde1 b4 17. Nd5 Nxd5 18. exd5 Nxb3 19. axb3 Bxd5 20. Nf5 Bxg5 21. Qxg5 f6 22. Nh6+ Kf8 23. Qh4 gxh6 24. Rg3 Re7 25. Qxf6+ Ke8 26. c4 bxc3 27. bxc3 e5 28. Rd1 Rf7 29. Qxh6 Qc5 30. Rd2 Rd8 31. c4 Ke7 32. Qh4+ Kd7 33. Rgd3 Kc7 34. Rxd5 Qb4 35. Qh5 Rg7 36. c5 Qe4 37. g3 Qe1+ 38. Kg2 Qe4+ 39. f3 Qe1 40. cxd6+ Kc6 41. Qxe5 Qxe5 42. Rxe5 Rb7 43. Rh5 Rdd7 44. Rd3 Rb8 45. f4 Re8 46. Kf3 Re1 47. Re5 Rh1 48. Re7 Rxh2 49. Rxd7 Kxd7 50. f5 Rh6 1-0

[Event "Santiago op"]
[Site "Santiago de Chile"]
[Date "1999.??.??"]
[Round "6"]
[White "Guerb, Leonid"]
[Black "Parada Araneda, Roger"]
[Result "1-0"]
[WhiteElo "2265"]
[BlackElo "2067"]
[PlyCount "59"]
[EventDate "1999.??.??"]
[EventType "swiss"]
[EventRounds "9"]
[EventCountry "CHI"]
[SourceTitle "EXT 2000"]
[Source "ChessBase"]
[SourceDate "1999.11.16"]
[SourceVersion "1"]
[SourceVersionDate "1999.11.16"]
[SourceQuality "1"]

1. d4 Nf6 2. Nf3 g6 3. c4 Bg7 4. Nc3 d6 5. e4 0-0 6. Be2 e5 7. Be3 Nc6 8. d5 Ne7 9. Nd2 Nd7 10. b4 f5 11. f3 f4 12. Bf2 b6 13. Nb3 g5 14. c5 Nf6 15. Rc1 h5 16. Nd2 g4 17. cxd6 cxd6 18. Nb5 Ng6 19. Qc2 Ba6 20. Nc7 Bxe2 21. Nxa8 Qxa8 22. Kxe2 g3 23. hxg3 fxg3 24. Be3 Nf4+ 25. Bxf4 exf4 26. Qc7 Qe8 27. Qxd6 Qb5+ 28. Rc4 Re8 29. Qc6 Qa6 30. a4 1-0